000 00769cam a22002534a 4500
003 UPN
005 20240810063822.0
008 090211s2006 mx a r 000 f spa d
020 _a9707311045
035 _aUPN01000169163
040 _aUPN
_bspa
_cUPN
049 _aCG
050 4 _aPQ7298.26 A4.7
_bD4.3
100 1 _aPaire, Jacques
_944373
245 1 0 _aDe caracoles y escamoles /
_cJacques Paire.
260 _aMéxico :
_bPunto de Lectura,
_c2006.
300 _a279 p. :
_bil.
490 0 _aPunto de lectura ;
500 _aNota tomado de la cubierta: Un cocinero francés en tiempos de don Porfirio
650 4 _aNovela histórica mexicana
_917265
651 0 _aMéxico
_xVida social y costumbres
_vNovela
_920129
905 _aLibro
942 _2lcc
_cLIBRO
999 _c141269
_d141269